<?xml version="1.0" encoding="UTF-8"?>
<record
    xmlns:xsi="http://www.w3.org/2001/XMLSchema-instance"
    xsi:schemaLocation="http://www.loc.gov/MARC21/slim http://www.loc.gov/standards/marcxml/schema/MARC21slim.xsd"
    xmlns="http://www.loc.gov/MARC21/slim">

  <leader>01828nam a2200325 a 4500</leader>
  <controlfield tag="001">00168</controlfield>
  <controlfield tag="003">DO-SdBNP</controlfield>
  <controlfield tag="005">20180313123627.0</controlfield>
  <controlfield tag="007">00168</controlfield>
  <controlfield tag="008">150130s 2001    dr 2001       000 0 spa d</controlfield>
  <datafield tag="020" ind1=" " ind2=" ">
    <subfield code="a">8482613448</subfield>
  </datafield>
  <datafield tag="040" ind1=" " ind2=" ">
    <subfield code="a">BPMSU</subfield>
    <subfield code="b">spa</subfield>
    <subfield code="c">BPMSU</subfield>
  </datafield>
  <datafield tag="092" ind1=" " ind2=" ">
    <subfield code="a">373.7</subfield>
    <subfield code="b">M425m   4to      2001  </subfield>
  </datafield>
  <datafield tag="245" ind1="1" ind2="0">
    <subfield code="a">Matem&#xE1;ticas 4 :</subfield>
    <subfield code="b">[educaci&#xF3;n media] /</subfield>
    <subfield code="c">Daniel Michel ... [et al.].</subfield>
  </datafield>
  <datafield tag="260" ind1=" " ind2=" ">
    <subfield code="a">Santo Domingo :</subfield>
    <subfield code="b">Santillana,</subfield>
    <subfield code="c">2001.</subfield>
  </datafield>
  <datafield tag="300" ind1=" " ind2=" ">
    <subfield code="a">279 p. :</subfield>
    <subfield code="b">il., retrs. ;</subfield>
    <subfield code="c">28 cm.</subfield>
  </datafield>
  <datafield tag="490" ind1="1" ind2=" ">
    <subfield code="a">Umbral</subfield>
  </datafield>
  <datafield tag="505" ind1="1" ind2=" ">
    <subfield code="t">2do. curso / 2do. ciclo --</subfield>
    <subfield code="t">Unidad 1: Trasformaciones geom&#xE9;tricas --</subfield>
    <subfield code="t">Unidad 2: Trigonometr&#xED;a --</subfield>
    <subfield code="t">Unidad 3:  N&#xFA;meros complejos --</subfield>
    <subfield code="t">Unidad 4: An&#xE1;lisis combinatorio --</subfield>
    <subfield code="t">Feria cient&#xED;fica:  Los cuadrados m&#xE1;gicos (I) --</subfield>
    <subfield code="t">Unidad 5 : Suceciones --</subfield>
    <subfield code="t">Unidad 6: Convergencia y divergencia --</subfield>
    <subfield code="t">Unidad 7: Matem&#xE1;ticas financieras, I --</subfield>
    <subfield code="t">Unidad 8: Matem&#xE1;ticas financieras, II --</subfield>
    <subfield code="t">Feria cient&#xED;fica: Los cuadrados m&#xE1;gicos (II) --</subfield>
    <subfield code="t">Unidad 9:  Probabilidades --</subfield>
    <subfield code="t">Unidad 10: L&#xED;mite de una funci&#xF3;n --</subfield>
    <subfield code="t">Unidad 11: Continuidad y discontinuidad --</subfield>
    <subfield code="t">Feria cient&#xED;fico: Modelo de taladro para hacer agujeros cuadrados (I) --</subfield>
    <subfield code="t">Unidad 12: Derivada de funciones --</subfield>
    <subfield code="t">Unidad 13: Aplicaciones de la derivada --</subfield>
    <subfield code="t">Unidad 14: Introducci&#xF3;n al c&#xE1;lculo integral --</subfield>
    <subfield code="t">Feria cient&#xED;fica: Modelo de taladro para hacer agujeros cuadrados (II) --</subfield>
  </datafield>
  <datafield tag="650" ind1=" " ind2="4">
    <subfield code="a">EDUCACI&#xD3;N SECUNDARIA</subfield>
    <subfield code="z">REP&#xDA;BLICA DOMINICANA</subfield>
  </datafield>
  <datafield tag="650" ind1=" " ind2="4">
    <subfield code="a">MATEM&#xC1;TICAS</subfield>
    <subfield code="x">ENSE&#xD1;ANZA SECUNDARIA</subfield>
  </datafield>
  <datafield tag="650" ind1=" " ind2="4">
    <subfield code="a">MATEM&#xC1;TICAS</subfield>
    <subfield code="x">ESTUDIOS Y EJERC&#xCD;CIOS</subfield>
  </datafield>
  <datafield tag="650" ind1=" " ind2="4">
    <subfield code="a">MATEM&#xC1;TICAS</subfield>
    <subfield code="x">LIBROS DE TEXTOS</subfield>
  </datafield>
  <datafield tag="700" ind1="1" ind2="2">
    <subfield code="a">Michel, Daniel.</subfield>
  </datafield>
  <datafield tag="830" ind1=" " ind2="0">
    <subfield code="a">Umbral</subfield>
  </datafield>
  <datafield tag="910" ind1=" " ind2=" ">
    <subfield code="a">Validado. Control de calidad MFF</subfield>
  </datafield>
  <datafield tag="942" ind1=" " ind2=" ">
    <subfield code="2">ddc</subfield>
    <subfield code="c">BK</subfield>
  </datafield>
  <datafield tag="945" ind1=" " ind2=" ">
    <subfield code="a">inventariado, 2018 / DG</subfield>
  </datafield>
  <datafield tag="952" ind1=" " ind2=" ">
    <subfield code="0">0</subfield>
    <subfield code="1">0</subfield>
    <subfield code="2">ddc</subfield>
    <subfield code="4">0</subfield>
    <subfield code="7">0</subfield>
    <subfield code="8">CE</subfield>
    <subfield code="a">BPMET</subfield>
    <subfield code="b">BPMET</subfield>
    <subfield code="d">2016-04-07</subfield>
    <subfield code="e">Donaci&#xF3;n</subfield>
    <subfield code="l">0</subfield>
    <subfield code="o">373.7   M425m   4to. 2001  </subfield>
    <subfield code="p">BPMSU16040214</subfield>
    <subfield code="r">2016-04-07</subfield>
    <subfield code="w">2016-04-07</subfield>
    <subfield code="y">BK</subfield>
  </datafield>
  <datafield tag="952" ind1=" " ind2=" ">
    <subfield code="0">0</subfield>
    <subfield code="1">0</subfield>
    <subfield code="2">ddc</subfield>
    <subfield code="4">0</subfield>
    <subfield code="7">0</subfield>
    <subfield code="8">CE</subfield>
    <subfield code="a">BPMET</subfield>
    <subfield code="b">BPMET</subfield>
    <subfield code="d">2016-04-07</subfield>
    <subfield code="e">Donaci&#xF3;n</subfield>
    <subfield code="l">0</subfield>
    <subfield code="o">373.7  M425m   4to.  2001   </subfield>
    <subfield code="p">BPMSU16040215</subfield>
    <subfield code="r">2016-04-07</subfield>
    <subfield code="t">e. 2</subfield>
    <subfield code="w">2016-04-07</subfield>
    <subfield code="y">BK</subfield>
  </datafield>
  <datafield tag="956" ind1=" " ind2=" ">
    <subfield code="a">VMATEO</subfield>
    <subfield code="b">10</subfield>
    <subfield code="c">20150717</subfield>
    <subfield code="l">BPMSU</subfield>
    <subfield code="h">00151</subfield>
  </datafield>
  <datafield tag="956" ind1=" " ind2=" ">
    <subfield code="a">BTAV&#xC1;REZ</subfield>
    <subfield code="b">10</subfield>
    <subfield code="c">20160407</subfield>
    <subfield code="l">BPMSU</subfield>
    <subfield code="h">00168</subfield>
  </datafield>
  <datafield tag="999" ind1=" " ind2=" ">
    <subfield code="c">9627</subfield>
    <subfield code="d">9627</subfield>
  </datafield>
</record>
